| 000 | 00684nam a2200241 a 4500 | ||
|---|---|---|---|
| 001 | 55234 | ||
| 003 | BD-RjUL | ||
| 005 | 20211209080233.0 | ||
| 008 | 161115s2002 ii ||||| |||| 00| 0 eng d | ||
| 020 | _a8170352819 | ||
| 035 | _a(BD-RjUL)55356 | ||
| 040 |
_aBD-RjUL _beng _cBD-RjUL |
||
| 041 | _aeng | ||
| 082 |
_223 _a639.31 _bKHP 2002 |
||
| 100 | 1 |
_aKhanna, D. R. _9164562 |
|
| 245 | 1 | 0 |
_aPond fish ecology and economics / _cDev Raj Khanna, S Singh |
| 260 |
_aDelhi : _bDaya Pub. House, _c2002 |
||
| 300 |
_a86 p. : _bill. ; _c24 cm |
||
| 504 | _aIncludes Bibliographical References | ||
| 650 |
_aFish ponds _z India _9164563 |
||
| 700 |
_aSingh, S. _9164564 |
||
| 942 |
_2ddc _cBK |
||
| 999 |
_c55234 _d55234 |
||